Normal view
MARC view
Entry Personal Name
001 - CONTROL NUMBER
- control field: 36751
003 - CONTROL NUMBER IDENTIFIER
- control field: ARRUPE
005 - DATE AND TIME OF LATEST TRANSACTION
- control field: 20171006101039.0
008 - FIXED-LENGTH DATA ELEMENTS
- fixed length control field: 171006|| aca||aabn | a|a d
040 ## - CATALOGING SOURCE
- Original cataloging agency: ARRUPE
- Transcribing agency: ARRUPE
100 ## - HEADING--PERSONAL NAME
- Personal name: McCullum, Hugh (ed.)
670 ## - SOURCE DATA FOUND
- Source citation: Work cat.: (ARRUPE): Biodiversity of indigenous forests and woodlands in Southern Africa, 2000